书目信息 |
| 题名: |
激荡在辉煌的历史中
|
|
| 作者: | 伯纳德·路易斯 ;郑之 书 | |
| 分册: | ||
| 出版信息: | 北京 中国友谊出版社 2000 |
|
| 页数: | 522 | |
| 开本: | 20cm | |
| 丛书名: | ||
| 单 册: | ||
| 中图分类: | K4 | |
| 科图分类: | ||
| 主题词: | 非洲--历史 | |
| 电子资源: | ||
| ISBN: | 7-5057-1590-9 | |
| 000 | 00635nam0 2200205 450 | |
| 001 | 0757995392 | |
| 005 | 20071007160635.39 | |
| 010 | @a7-5057-1590-9@d33 | |
| 100 | @a20071007d km y0chiy0120 ea | |
| 101 | 0 | @achi |
| 200 | 1 | @a激荡在辉煌的历史中@Aji dang zai hui huang de li shi zhong@e中东@f伯纳德·路易斯@Fbo na de·lu yi si@g郑之书@Gzheng zhi shu |
| 210 | @a北京@c中国友谊出版社@d2000 | |
| 215 | @a522@c图@d20cm | |
| 517 | 1 | @a中东@Azhong dong |
| 606 | 0 | @a非洲@x历史 |
| 690 | @aK4@v3 | |
| 701 | 0 | @a伯纳德·路易斯@Abo na de·lu yi si |
| 702 | 0 | @a郑之@Azheng zhi@4书 |
| 801 | 0 | @aCN@bPFT@c20071007 |
| 905 | @a213230@dK4@ea3@f1 | |
| 激荡在辉煌的历史中:中东/伯纳德·路易斯/郑之书.-北京:中国友谊出版社,2000 |
| 522:图;20cm |
| ISBN 7-5057-1590-9:33 |
| ● |
| 相关链接 |
|
|
|
|
正题名:激荡在辉煌的历史中
索取号:K4/a3
 
预约/预借
| 序号 | 登录号 | 条形码 | 馆藏地/架位号 | 状态 | 备注 |
| 1 | 7508657 | 275086577 | 密集书库-史法系/ [索取号:K4/a3] | 在馆 |